Statistics for Countries ending in -ia

Click here to take the quiz!

General Stats

  • This quiz has been taken 618 times
    (601 since last reset)
  • The average score is 16 of 38

Answer Stats

HintAnswer% Correct
Australia
71%
Russia
59%
India
58%
Austria
57%
Romania
56%
Albania
55%
Bolivia
54%
Algeria
52%
Latvia
52%
Bulgaria
51%
Indonesia
51%
Estonia
48%
Croatia
47%
Nigeria
47%
Serbia
46%
Slovakia
46%
Lithuania
45%
Slovenia
45%
Armenia
43%
Colombia
43%
Malaysia
40%
Zambia
40%
Saudi Arabia
36%
Cambodia
35%
Ethiopia
35%
Namibia
35%
Tanzania
35%
Gambia
34%
Somalia
34%
Georgia
32%
Liberia
31%
Tunisia
31%
Syria
30%
Mongolia
29%
Macedonia
27%
Mauritania
26%
St Lucia
14%
Federated States of Micronesia
8%

Score Distribution

Percentile by Number Answered

Percent of People with Each Score

Your Score History

You have not taken this quiz since the last reset